000 01071cab a22002175a 4500
001 L141403
008 071121e20071117xxk f s 000 0 eng d
035 _a(Sirsi) u141403
041 0 _aeng
100 1 _aDixon, Tim
245 0 0 _aEthical investment
260 _c2007
490 _aEstates Gazette
_v(0746) 17 November 2007, 166-168(3)
520 _aReports on trends which show surveyors becoming more environmentally aware. Reports on a RICS survey of its members' attitude to sustainability (L139793). A RICS publication (L138664) is identified as a positive guide to members. The most important issues are seen as energy supply, land contamination, waste management and transport. Examines drivers of the change in attitudes, finding that client demand, legal compliance and moral obligation are key factors. Provides a statistical overview of findings from the RICS survey.
590 _aKA
651 4 _aInternational
690 _aENVIRONMENTAL AND LAND CONSULTANCY-SUSTAINABILITY
700 1 _aShiers, David
700 1 _aBrown, Stephen
942 _n0
999 _c79483
_d79483